000
00302nam a22001337a 4500
020
_a
817826347-5
082
_a
823
_b
SHA/T
100
_a
WILLIAM SHAKESPEAR
245
_a
TWELFTH NIGHT
260
_a
DELHI
_b
ROHAN BOOK COMPANY
_c
2003
300
_a
218
650
_a
MODERN ILLUSTRATED CLASSICS
942
_c
BK
999
_c
320
_d
320